<?xml version="1.0" encoding="UTF-8"?>
<record
    xmlns:xsi="http://www.w3.org/2001/XMLSchema-instance"
    xsi:schemaLocation="http://www.loc.gov/MARC21/slim http://www.loc.gov/standards/marcxml/schema/MARC21slim.xsd"
    xmlns="http://www.loc.gov/MARC21/slim">

  <leader>02234nam a2200229 a 4500</leader>
  <controlfield tag="001">000046433</controlfield>
  <controlfield tag="003">DO-SdBNP</controlfield>
  <controlfield tag="005">20210913124207.0</controlfield>
  <controlfield tag="008">150812s1995    mx a          000 0 spa d</controlfield>
  <datafield tag="020" ind1=" " ind2=" ">
    <subfield code="a">9683645712</subfield>
  </datafield>
  <datafield tag="040" ind1=" " ind2=" ">
    <subfield code="a">DO-SdBNP</subfield>
    <subfield code="b">spa</subfield>
    <subfield code="c">BNPHU</subfield>
  </datafield>
  <datafield tag="082" ind1=" " ind2=" ">
    <subfield code="a">xxxx</subfield>
    <subfield code="b">xxxx</subfield>
  </datafield>
  <datafield tag="110" ind1="2" ind2=" ">
    <subfield code="a">Asociaci&#xF3;n de Bibliotecas Nacionales de Iberoamerica</subfield>
    <subfield code="9">6156</subfield>
  </datafield>
  <datafield tag="245" ind1="1" ind2="0">
    <subfield code="a">Historia de las bibliotecas nacionales de iberoam&#xE9;rica :</subfield>
    <subfield code="b">pasado y presente /</subfield>
    <subfield code="c">Coordinaci&#xF3;n ; Jos&#xE9; G. Moreno de Alba y Elsa M. Ram&#xED;rez Leyva.</subfield>
  </datafield>
  <datafield tag="250" ind1=" " ind2=" ">
    <subfield code="a">2&#xAA; ed.</subfield>
  </datafield>
  <datafield tag="260" ind1=" " ind2=" ">
    <subfield code="a">M&#xE9;xico D. F. :</subfield>
    <subfield code="b">Universidad Nacional Aut&#xF3;noma de M&#xE9;xico,</subfield>
    <subfield code="c">1995.</subfield>
  </datafield>
  <datafield tag="300" ind1=" " ind2=" ">
    <subfield code="a">xxiv, 621 p. :</subfield>
    <subfield code="b">il. ;</subfield>
    <subfield code="c">24 cm.</subfield>
  </datafield>
  <datafield tag="505" ind1="0" ind2=" ">
    <subfield code="a">Biblioteca Nacional de Argentina /</subfield>
    <subfield code="r">Hugo Acevedo --</subfield>
    <subfield code="t">Biblioteca Nacional de Bolivia /</subfield>
    <subfield code="r">Ren&#xE9; Arze Aguirre --</subfield>
    <subfield code="t">Biblioteca Nacional de Brasil /</subfield>
    <subfield code="r">Gilberto Villar de Carvalho --</subfield>
    <subfield code="t">Biblioteca Nacional de Colombia /</subfield>
    <subfield code="r">&#xC1;lvaro Rodr&#xED;guez Torres --</subfield>
    <subfield code="t">Biblioteca Nacional de Costa Rica /</subfield>
    <subfield code="r">Rosario Solano Murillo --</subfield>
    <subfield code="t">Biblioteca Nacional de Cuba /</subfield>
    <subfield code="r">Araceli Garc&#xED;a Carranza y Xonia Jim&#xE9;nez L&#xF3;pez --</subfield>
    <subfield code="t">Biblioteca Nacional de Chile /</subfield>
    <subfield code="r">Gonzalo Catal&#xE1;n B. Bernardo Jorquera --</subfield>
    <subfield code="t">Biblioteca Nacional de El Salvador /</subfield>
    <subfield code="r">M&#xE9;lida Arteaga --</subfield>
    <subfield code="t">Biblioteca Nacional de Espa&#xF1;a /</subfield>
    <subfield code="r">Luis Garc&#xED;a Ejarque --</subfield>
    <subfield code="t">Biblioteca Nacional de Guatemala /</subfield>
    <subfield code="r">V&#xED;ctor Castillo L&#xF3;pez --</subfield>
    <subfield code="t">Biblioteca Nacional de Honduras /</subfield>
    <subfield code="r">Carlos Wilfredo Maldonado --</subfield>
    <subfield code="t">Biblioteca Nacional de M&#xE9;xico /</subfield>
    <subfield code="r">Ignacio Osorio Romero y Boris Berenzon Gorn --</subfield>
    <subfield code="t">Biblioteca Nacional de Nicaragua /</subfield>
    <subfield code="r">Fidel Coloma Gonz&#xE1;lez --</subfield>
    <subfield code="t">Biblioteca Nacional de Panam&#xE1; /</subfield>
    <subfield code="r">Francisco Javier Sol&#xED;s --</subfield>
    <subfield code="t">Biblioteca Nacional del Paraguay /</subfield>
    <subfield code="r">Modesta Goybur&#xFA; y Ma. Elena Torres S&#xE1;nchez --</subfield>
    <subfield code="t">Biblioteca Nacional del Per&#xFA; /</subfield>
    <subfield code="r">Gradys Padr&#xF3; Montezuma y Jos&#xE9; Tamayo Herrero /</subfield>
    <subfield code="t">Biblioteca Nacional de Portugal /</subfield>
    <subfield code="r">Manuela D. Domingos --</subfield>
    <subfield code="t">Biblioteca Nacional de Puerto Rico /</subfield>
    <subfield code="r">Hayde&#xE9; Mu&#xF1;oz Sol&#xE1; --</subfield>
    <subfield code="t">Biblioteca Nacional de la Rep&#xFA;blica Dominicana /</subfield>
    <subfield code="r">Di&#xF3;genes Valdez --</subfield>
    <subfield code="t">Biblioteca Nacional del Uruguay /</subfield>
    <subfield code="r">Mabel Batto Ochoteco, Alicia Fern&#xE1;ndez --</subfield>
    <subfield code="t">Biblioteca Nacional de Venezuela /</subfield>
    <subfield code="r">Lourdes Fierro Bustillos</subfield>
  </datafield>
  <datafield tag="700" ind1="1" ind2="2">
    <subfield code="a">Ram&#xED;rez Leyva, Elsa M.,</subfield>
    <subfield code="e">coord.</subfield>
    <subfield code="9">74448</subfield>
  </datafield>
  <datafield tag="700" ind1="1" ind2="2">
    <subfield code="a">Moreno de Alba, Jos&#xE9; C.,</subfield>
    <subfield code="e">coord.</subfield>
    <subfield code="9">74449</subfield>
  </datafield>
  <datafield tag="942" ind1=" " ind2=" ">
    <subfield code="2">ddc</subfield>
    <subfield code="c">LBS1</subfield>
  </datafield>
  <datafield tag="952" ind1=" " ind2=" ">
    <subfield code="0">0</subfield>
    <subfield code="1">0</subfield>
    <subfield code="5">0</subfield>
    <subfield code="7">1</subfield>
    <subfield code="8">MO</subfield>
    <subfield code="a">PD</subfield>
    <subfield code="b">PD</subfield>
    <subfield code="c">CT</subfield>
    <subfield code="d">2015-08-12</subfield>
    <subfield code="i">LF1</subfield>
    <subfield code="l">0</subfield>
    <subfield code="o">xxxx xxxx</subfield>
    <subfield code="p">46433-10</subfield>
    <subfield code="r">2020-06-25</subfield>
    <subfield code="w">2020-06-25</subfield>
    <subfield code="y">1</subfield>
    <subfield code="Z">No se presta</subfield>
  </datafield>
  <datafield tag="999" ind1=" " ind2=" ">
    <subfield code="c">45922</subfield>
    <subfield code="d">45922</subfield>
  </datafield>
</record>
